Statistics for [路線図付き] JR東日本 埼京線(至 相鉄線) 駅名穴埋めクイズ

Click here to take the quiz!

General Stats

  • This quiz has been taken 441 times
  • The average score is 19 of 22

Answers on the Map

Answers color-coded by a green-red scale on the quiz's map according to % correct below.
 

Answer Stats

Answer% Correct
埼京線JA26大宮
98%
埼京線JA11新宿
97%
埼京線JA15赤羽
97%
埼京線JA10渋谷
96%
埼京線JA12池袋
96%
埼京線JA08大崎
95%
埼京線JA09恵比寿
95%
埼京線JA21武蔵浦和
89%
埼京線JS15武蔵小杉
89%
埼京線JA13板橋
89%
埼京線JA14十条
87%
埼京線JA19戸田
87%
埼京線JA18戸田公園
86%
埼京線JA25北与野
83%
埼京線JS16西大井
82%
埼京線JA24与野本町
82%
埼京線SO51羽沢横浜国大
81%
埼京線JA16北赤羽
81%
埼京線JA17浮間舟渡
80%
埼京線JA23南与野
78%
埼京線JA20北戸田
77%
埼京線JA22中浦和
71%

Score Distribution

Percentile by Number Answered

Percent of People with Each Score

Your Score History

You have not taken this quiz